000 01233cam a2200397Ii 4500
001 ocn921888898
003 Co-BoUCM
005 20171201102838.0
006 m o d
007 cr cnu---unuuu
008 171130s2015 enk ob 001 0 eng d
020 _z9781472466112
020 _z147246611X
020 _z9781472466105
020 _z1472466101
020 _a9781472446459 (2a.Ed.)
020 _z1472446453
020 _z9781472466129
029 1 _aCHNEW
_b000893034
029 1 _aCHVBK
_b374521913
035 _a(OCoLC)921888898
_z(OCoLC)925399833
040 _aCo-BoUCM
_bspa
_cSaul Niño
_dSaul Niño
041 0 _aeng
100 1 _aSiderits, Mark
_d1946-
_989845
245 1 0 _aPersonal identity and Buddhist philosophy
_bempty persons
_cMark Siderits (Seoul National University, Korea)
250 _aSegunda edición
260 _aEngland
_bAshgate
_c2015
300 _ax, 232 páginas
490 0 _aAshgate world philosophies series
650 7 _aYo
_926406
_xFilosofía
650 7 _aIdentidad
_917113
_xFilosofía
650 7 _aBudismo
_xFilosofía
_910234
650 7 _aAnálisis (Filosofía)
_98941
942 _2DEWEY
_a2
_cLIBRO
_e1
_h126
_mS568p
999 _c307538
_d307538